[Event "Boyaca Region-ch U14"]
[Site "Tibana"]
[Date "2010.06.03"]
[Round "4.4"]
[White "Castillo, Julian Felipe"]
[Black "Cardenas, Juan Pablo"]
[Result "0-1"]
[WhiteElo "1461"]
[BlackElo "1600"]
[PlyCount "114"]
[EventDate "2010.06.02"]
[EventType "swiss"]
[EventRounds "5"]
[EventCountry "COL"]
[SourceTitle "EXT 2024"]
[Source "ChessBase"]
[SourceDate "2023.10.10"]
[SourceVersion "1"]
[SourceVersionDate "2023.10.10"]
[SourceQuality "1"]

1. e4 e5 2. Bc4 Nf6 3. d3 Nc6 4. Nf3 Bc5 5. Ng5 0-0 6. c3 h6 7. Nf3 d6 8. Nbd2 Be6 9. Bb5 Bd7 10. 0-0 a6 11. Ba4 Qe7 12. Re1 Rfe8 13. Nf1 b5 14. Bc2 Bg4 15. Ng3 Nd8 16. h3 Bh5 17. b3 Ne6 18. Bb2 Nf4 19. d4 Bxf3 20. Qxf3 Bb6 21. Nf5 Qd7 22. Qg3 Ng6 23. Rad1 Qc8 24. Kh1 Qb7 25. d5 Qa7 26. Re2 Nh5 27. Qf3 Nhf4 28. Red2 Ne7 29. Nh4 Rac8 30. Ba3 Rb8 31. c4 Ba5 32. b4 Bb6 33. Bd3 Nxd3 34. Qxd3 Bxf2 35. Nf3 Ng6 36. Rc1 Be3 37. Rdc2 Bxc1 38. Rxc1 bxc4 39. Rxc4 Nf4 40. Qf1 Qe3 41. Bc1 Qe2 42. Qxe2 Nxe2 43. Be3 Rec8 44. Nh4 Ng3+ 45. Kh2 Nf1+ 46. Kg1 Nxe3 47. Rc3 Nd1 48. Rf3 Rxb4 49. Nf5 Re8 50. g4 Rxe4 51. Ng3 Re3 52. Rxe3 Nxe3 53. Kf2 Nxd5 54. h4 g6 55. Kf3 Rb8 56. Ke4 Nf6+ 57. Kf3 Rb2 0-1

[Event "Boyaca Region-ch qual"]
[Site "Duitama"]
[Date "2010.05.17"]
[Round "6.11"]
[White "Rey Serrano, Jorge Enrique"]
[Black "Cardenas, Juan Pablo"]
[Result "1-0"]
[WhiteElo "1635"]
[BlackElo "1600"]
[PlyCount "57"]
[EventDate "2010.05.15"]
[EventType "swiss"]
[EventRounds "6"]
[EventCountry "COL"]
[SourceTitle "EXT 2024"]
[Source "ChessBase"]
[SourceDate "2023.10.10"]
[SourceVersion "1"]
[SourceVersionDate "2023.10.10"]
[SourceQuality "1"]

1. e4 e5 2. Nf3 Nc6 3. Bb5 a6 4. Ba4 Bc5 5. c3 b5 6. Bc2 Bb7 7. 0-0 Nf6 8. d4 exd4 9. cxd4 Be7 10. Re1 0-0 11. Nbd2 d6 12. Nf1 Re8 13. Ng3 Qd7 14. a3 d5 15. e5 Ng4 16. h3 Nxf2 17. Kxf2 Bh4 18. Nxh4 Na5 19. Kg1 Rac8 20. Bf5 Qe7 21. Bxc8 Qxh4 22. Bxb7 Nxb7 23. Nf5 Qd8 24. Qg4 g6 25. Rf1 c5 26. Nh6+ Kh8 27. Nxf7+ Kg7 28. Nxd8 Nxd8 29. Qd7+ 1-0

[Event "Boyaca Region-ch qual"]
[Site "Duitama"]
[Date "2010.05.16"]
[Round "3.12"]
[White "Cardenas, Juan Pablo"]
[Black "Gomez, Gonzalo"]
[Result "0-1"]
[WhiteElo "1600"]
[BlackElo "1687"]
[PlyCount "52"]
[EventDate "2010.05.15"]
[EventType "swiss"]
[EventRounds "6"]
[EventCountry "COL"]
[SourceTitle "EXT 2024"]
[Source "ChessBase"]
[SourceDate "2023.10.10"]
[SourceVersion "1"]
[SourceVersionDate "2023.10.10"]
[SourceQuality "1"]

1. e4 e5 2. Nf3 Nf6 3. Nc3 d6 4. Bc4 Be7 5. d3 Nc6 6. Be3 Bg4 7. h3 Bh5 8. g4 Bg6 9. Qd2 a6 10. 0-0-0 b5 11. Bd5 Qd7 12. g5 Nxd5 13. Nxd5 a5 14. Rdg1 Nb4 15. Nxb4 axb4 16. Qxb4 Rxa2 17. h4 Bh5 18. Nd2 0-0 19. Nb3 Rfa8 20. f4 c5 21. Qc3 exf4 22. Bxf4 R2a4 23. Kd2 c4 24. Nd4 d5 25. Nf5 Bb4 26. Be5 Bxc3+ 0-1